000
00315nam a22001457a 4500
008
230419b ||||| |||| 00| 0 eng d
020
_a
9789004341395
041
_a
eng
080
_2
VOLUME128
_a
94
082
_a
94
100
_a
28
101
_a
HISTO
245
_a
THE SOCIOGONY
_c
WORRELL.P.M
942
_2
udc
_c
BK
999
_c
59595
_d
59595